| 000 | 01150nam a22002777a 4500 | ||
|---|---|---|---|
| 003 | 0 | ||
| 005 | 20251117132631.0 | ||
| 008 | 251117b xxu||||| |||| 00| 0 eng d | ||
| 020 | _a1-59307-055-1 | ||
| 050 |
_aPN 6790.J63 _bR55 1999 |
||
| 100 |
_aSuzuki, Koji, _eauthor. |
||
| 245 |
_aThe Ring 2 / _coriginal novel by Koji Suzuki ; script by Hiroshi Takahashi ; art by Meimu ; translation by Naomi Kokubo and Steven Hoffman ; lettering by Wilbert Lacuna. |
||
| 246 | _aRing two | ||
| 260 |
_aMilwaukie, OR : _bDark Horse Manga, _c1999. |
||
| 300 |
_a189 pages : _billustrations ; _c19 cm. |
||
| 490 | _aDark Horse manga series | ||
| 500 | _aThe second volume in the manga adaptation of Koji Suzuki's horror series, continuing the investigation into the cursed videotape and the dark origins of its deadly power. | ||
| 650 | _aHorror comic books, strips, etc. | ||
| 650 | _aJapanese comics (Manga). | ||
| 700 |
_aTakahashi, Hiroshi, _escreenwriter. |
||
| 700 |
_aMeimu, _eartist. |
||
| 700 |
_aKokubo, Naomi, _etranslator. |
||
| 700 |
_aHoffman, Steven, _etranslator. |
||
| 700 |
_aLacuna, Wilbert, _eletterer. |
||
| 942 |
_2lcc _cBK |
||
| 999 |
_c368669 _d368669 |
||